Chế độ làm việc thay đổi và chế dộ quá độ của tuốc bin hơi nước

保存先:
書誌詳細
第一著者: Phạm Lương Tuệ
フォーマット: 図書
言語:Undetermined
出版事項: Hà Nội ĐH Bách khoa 1991
主題:
タグ: タグ追加
タグなし, このレコードへの初めてのタグを付けませんか!
Thư viện lưu trữ: Trung tâm Học liệu Trường Đại học Cần Thơ
LEADER 00560nam a2200169Ia 4500
001 CTU_35473
008 210402s9999 xx 000 0 und d
082 |a 621.406 
082 |b T507c 
100 |a Phạm Lương Tuệ 
245 0 |a Chế độ làm việc thay đổi và chế dộ quá độ của tuốc bin hơi nước 
245 0 |c Phạm Lương Tuệ 
260 |a Hà Nội 
260 |b ĐH Bách khoa 
260 |c 1991 
650 |a hydraulic turbines 
980 |a Trung tâm Học liệu Trường Đại học Cần Thơ